Sudden Death- Landlocked Countries - Statistics

General Stats
  • This quiz has been taken 140 times
  • The average score is 10 of 15
Answers on the Grid
Answers color-coded by a green-red scale on the quiz's grid according to % correct below.
LESOTHO
ANDORRA
ITALY
PAKISTAN
INDIA
CHINA
MONGOLIA
AUSTRIA
BHUTAN
BELARUS
DEMOCRATIC REPUBLIC OF CONGO
CENTRAL AFRICAN REPUBLIC
REPUBLIC OF CONGO
CHAD
HUNGARY
KYRGYZSTAN
OMAN
YEMEN
MADAGASCAR
LAOS
TAJIKISTAN
VATICAN CITY
ZIMBABWE
AUSTRALIA
PANAMA
BRAZIL
SOUTH SUDAN
SUDAN
SOUTH AFRICA
EQUATORIAL GUINEA
 
Answer Stats
Answer % Correct
LESOTHO
92%
AUSTRIA
83%
MONGOLIA
80%
ANDORRA
77%
BELARUS
73%
VATICAN CITY
69%
BHUTAN
68%
HUNGARY
68%
KYRGYZSTAN
64%
CENTRAL AFRICAN REPUBLIC
63%
CHAD
61%
SOUTH SUDAN
61%
TAJIKISTAN
60%
LAOS
57%
ZIMBABWE
57%
No matching quizzes found
Score Distribution
Percent of People with Each Score
Percentile by Number Answered
Your Score History
You have not taken this quiz